Teoria dos números algébricos
Αποθηκεύτηκε σε:
| Κύριος συγγραφέας: | |
|---|---|
| Μορφή: | Βιβλίο |
| Γλώσσα: | Πορτογαλικά |
| Έκδοση: |
Río de Janeiro
Instituto de Matemática Pura e Aplicada
1986
|
| Σειρά: | Projeto Euclides
|
| Θέματα: | |
| Ετικέτες: |
Προσθήκη ετικέτας
Δεν υπάρχουν, Καταχωρήστε ετικέτα πρώτοι!
|
MARC
| LEADER | 00000nam a2200000 a 4500 | ||
|---|---|---|---|
| 001 | UCW0656 | ||
| 003 | CL-VaPUC | ||
| 008 | 880616e19860000BL |||||||||||||||||por|d | ||
| 082 | 0 | 4 | |a 512.74 |b END |2 21 |
| 100 | 0 | |a Endler, Otto |e author |9 304552 | |
| 245 | 1 | 0 | |a Teoria dos números algébricos |
| 300 | |a 199 p | ||
| 942 | |c BK | ||
| 945 | |d 19880616 00:00:00 | ||
| 260 | |a Río de Janeiro |b Instituto de Matemática Pura e Aplicada |c 1986 | ||
| 650 | 0 | |a Teoría de números |9 265327 | |
| 583 | |a last modification |c 19880616 00:00:00 |k Rodrigo Vera | ||
| 490 | 0 | |a Projeto Euclides | |
| 999 | |c 215731 |d 215729 | ||
| 952 | |0 0 |1 0 |4 0 |6 512_740000000000000_END_1986 |7 0 |8 A |9 200512 |a BIBMAT |b BIBMAT |d 2019-11-14 |i 2677695 |o 512.74 END 1986 |p 2677695 |r 2025-01-07 |w 2019-11-14 |y BK |k MAT | ||
| 952 | |0 0 |1 0 |4 0 |6 512_740000000000000_END_1986 |7 0 |8 A |9 200513 |a BIBMAT |b BIBMAT |d 2019-11-14 |i 1303589 |o 512.74 END 1986 |p 1303589 |r 2025-01-07 |w 2019-11-14 |y BK |k MAT | ||
| 952 | |0 0 |1 0 |4 0 |6 512_740000000000000_END_1986 |7 0 |8 A |9 200514 |a BIBMAT |b BIBMAT |d 2019-11-14 |i 1303538 |o 512.74 END 1986 |p 1303538 |r 2025-01-07 |w 2019-11-14 |y BK |k MAT | ||
| 952 | |0 0 |1 0 |4 0 |6 512_740000000000000_END_1986 |7 0 |8 A |9 200515 |a BIBMAT |b BIBMAT |d 2019-11-14 |i 3643689 |o 512.74 END 1986 |p 3643689 |r 2025-01-07 |w 2019-11-14 |y BK |k MAT | ||